|
|
|
|
| LEADER |
00000cas a2200000 a 4500 |
| 001 |
vtls010658947 |
| 003 |
SK-MaSNL |
| 005 |
20260228162006.0 |
| 008 |
150306c20159999xo br ne 0 b0slo |
| 022 |
|
|
|a 1339-8881
|
| 040 |
|
|
|a SNK
|b slo
|c SNK
|e AACR2
|
| 041 |
0 |
|
|a slo
|
| 043 |
|
|
|a e-xo---
|
| 044 |
|
|
|a xo
|c SK
|
| 072 |
|
7 |
|a 352/354
|x Stupne miestnej, oblastnej a ústrednej správy
|2 konspekt
|
| 072 |
|
7 |
|a 316.7
|x Sociológia kultúry. Kultúrny život
|2 konspekt
|
| 072 |
|
7 |
|a 394
|x Verejný a spoločenský život. Každodenný život
|2 konspekt
|
| 080 |
|
|
|a 352
|2 2011
|
| 080 |
|
|
|a 394
|2 2011
|
| 080 |
|
|
|a 316.728
|2 2011
|
| 080 |
|
|
|a 050
|2 2011
|
| 080 |
|
|
|a (051)+(054)
|2 2011
|
| 080 |
|
|
|a (437.6)
|2 2011
|
| 080 |
|
|
|a spoločenský život
|2 SNKPH
|
| 210 |
0 |
|
|a Brežské nov.
|
| 222 |
|
0 |
|a Brežské noviny
|
| 245 |
0 |
0 |
|a Brežské noviny
|
| 260 |
|
|
|a Brehy
|b obec Brehy
|c 2015-
|
| 310 |
|
|
|a 6x ročne
|
| 362 |
|
|
|a Roč. I, č. 1 (febr. 2015)-
|
| 500 |
|
|
|a Podnázov v tiráži: 1/2015-: dvojmesačník obce Brehy
|
| 500 |
|
|
|a Evidenčné číslo: EV 5139/15
|
| 500 |
|
|
|a Č. 2/2016 : Brežské noviny - školský špeciál
|
| 500 |
|
|
|a Podnázov od č. 6/2015-: dvojmesačník
|
| 650 |
0 |
0 |
|a spoločenský život
|2 SNKPH
|9 28654
|
| 650 |
0 |
7 |
|a miestna správa
|2 SNKPH
|9 29496
|
| 651 |
|
7 |
|a Brehy (Slovensko)
|2 SNKPHgeo
|9 92641
|
| 655 |
|
7 |
|a miestne periodiká
|2 SNKPH
|9 160938
|
| 856 |
4 |
1 |
|u http://www.brehy.sk/brezske-noviny.html
|
| 910 |
|
|
|a snk
|
| 999 |
|
|
|c 6362
|d 8292
|
| 952 |
|
|
|0 0
|1 0
|4 0
|7 0
|8 0
|a SNK
|b SNK
|d 2021-06-01
|i snk2021/6052
|l 0
|o snkČSB 7050/5/2019
|p 17A1433114
|r 2026-02-21 19:53:08
|t č. 1-6
|w 2026-02-21
|y PREZ
|
| 952 |
|
|
|0 0
|1 0
|4 0
|7 0
|8 0
|a SNK
|b SNK
|d 2021-06-01
|i snk2021/6058
|l 0
|o snkČSB 7050/6/2020
|p 17A1433115
|r 2026-02-21 19:53:08
|t č. 1-5
|w 2026-02-21
|y PREZ
|
| 952 |
|
|
|0 0
|1 0
|4 0
|7 0
|8 0
|a SNK
|b SNK
|d 2019-04-12
|i snk2019/10722
|l 0
|o snkČSB 7050/1/2015
|p 17A1366431
|r 2026-02-21 21:59:18
|t č. 1-6
|w 2026-02-21
|y PREZ
|
| 952 |
|
|
|0 0
|1 0
|4 0
|7 0
|8 0
|a SNK
|b SNK
|d 2019-04-12
|i snk2019/10746
|l 0
|o snkČSB 7050/2/2016
|p 17A1366432
|r 2026-02-21 21:59:18
|t č. 1-6
|w 2026-02-21
|y PREZ
|
| 952 |
|
|
|0 0
|1 0
|4 0
|7 0
|8 0
|a SNK
|b SNK
|d 2019-04-12
|i snk2019/10750
|l 0
|o snkČSB 7050/3/2017
|p 17A1366433
|r 2026-02-21 21:59:18
|t č. 1-6
|w 2026-02-21
|y PREZ
|
| 952 |
|
|
|0 0
|1 0
|4 0
|7 0
|8 0
|a SNK
|b SNK
|d 2019-04-12
|i snk2019/10755
|l 0
|o snkČSB 7050/4/2018
|p 17A1366434
|r 2026-02-21 21:59:18
|t č. 1-6
|w 2026-02-21
|y PREZ
|